00788nam a22001937a 450000500170000001000150001702000270003203500140005903700090007308200100008210000320009224500900012426000510021427001310026530000270039694200240042399900190044795201280046620240703162307.0 aENG-140741 c2495.00a9788196915346 aEN-124273 bDBAD a633.1 aChattopadhyay, P. K.968070 aMillet Production, Processing and Value-Added Products Handbook/cP. K. Chattopadhyay aDelhibNiir Project Consultancy Servicesc2019 bDelhia106-E, Opp. Spark Mall, Kamla Nagare110007k01123842955k01123845886k08800733955mnpcs.india@gmail.comminfo@niir.org axxvi, 510p.c21cm (pb) 2ddccENh633.1mCHA c203919d203919 001040708NFICaLbLd2024-07-03eDBADg2495.00l0o633.1 CHApEN-124273r2024-07-03 00:00:00t1v2495.00w2024-07-03yEN